| 000 | 00392nam a22001337a 4500 | ||
|---|---|---|---|
| 082 |
_a358.2 _bWOR _cD |
||
| 100 |
_aR.E Institute, Chatham _948990 |
||
| 245 |
_aWork of R.E in the european war 1914-19 _cChatha R.E Institute |
||
| 260 |
_aChatam : _bSecretary R.E Institute, _c1914. |
||
| 300 | _a109 p. : | ||
| 526 |
_a0 _b0 _c0 _d358_200000000000000_WOR |
||
| 650 |
_aMCE _9379 |
||
| 942 |
_2ddc _cBK |
||
| 999 |
_c551833 _d551833 |
||